Best Boys Highschool Cross Country States - Statistics

General Stats
  • This quiz has been taken 19 times
  • The average score is 6 of 8
Answers on the Map
Answers color-coded by a green-red scale on the quiz's map according to % correct below.
 
Answer Stats
Answer % Correct
California
100%
New York
100%
Texas
100%
Washington
88%
Illinois
76%
New Jersey
65%
Minnesota
59%
Utah
47%
No matching quizzes found
Score Distribution
Percent of People with Each Score
Percentile by Number Answered
Your Score History
You have not taken this quiz